Two lives (Record no. 7930)

MARC details
000 -LEADER
fixed length control field 00368nam a2200157Ia 4500
008 - FIXED-LENGTH DATA ELEMENTS--GENERAL INFORMATION
fixed length control field 210324s9999||||xx |||||||||||||| ||und||
040 ## - CATALOGING SOURCE
Transcribing agency STCPL
082 ## - DEWEY DECIMAL CLASSIFICATION NUMBER
Classification number 231
Item number MEYIT
100 ## - MAIN ENTRY--PERSONAL NAME
Personal name Meyer Berbard F
245 #0 - TITLE STATEMENT
Title Two lives
260 ## - PUBLICATION, DISTRIBUTION, ETC.
Place of publication, distribution, etc. India.
Name of publisher, distributor, etc. St. Paul Publications,
Date of publication, distribution, etc. 1961
300 ## - PHYSICAL DESCRIPTION
Extent 20C.M, 440P
650 ## - SUBJECT ADDED ENTRY--TOPICAL TERM
Topical term or geographic name entry element GodENGLISH FICTION
942 ## - ADDED ENTRY ELEMENTS (KOHA)
Koha item type Books
041 ## - LANGUAGE CODE
Language code of original English
Holdings
Withdrawn status Lost status Damaged status Not for loan Home library Current library Shelving location Date acquired Total Checkouts Full call number Barcode Date last seen Price effective from Koha item type
        ST. THOMAS COLLEGE LIBRARY, PALAI ST. THOMAS COLLEGE LIBRARY, PALAI   2021-07-10   231 MEY-T 13478 2021-07-10 2021-07-10 Books
Rights reserved ©2021 ST. THOMAS COLLEGE LIBRARY
A joint venture of - St. Thomas College Library and
Department of Computer Science, St. Thomas Collge Palai